000 01041cam a2200205 4500
001 WB3833-13
008 020910n2002 000 0 eng u
035 _a(Sirsi) u119651
245 _aWrong to oppose new asbestos rules
260 _c2002
490 _aRICS Press Release
_v(pr108) 5 September 2002 (2)
520 _aRICS urges the Conservative party to drop its opposition to a new EU asbestos directive designed to bring about better safety management of asbestos in buildings. RICS is working with partners towards the accreditation of high quality professionals able to inspect properties for asbestos. New asbestos management regulations are due in October 2002. Press release at http://www.rics.org/ricscms/bin/show?class=PressRelease&template=/includes/showpr.html&id=807
590 _aWB
650 _aMANAGEMENT-HEALTH AND SAFETY-HAZARDOUS SUBSTANCES-ASBESTOS
650 _aWHITE ASBESTOS
650 _aEU ASBESTOS DIRECTIVE
650 _aASBESTOS-RELATED DISEASES
690 _aHEALTH AND SAFETY
_96244
942 _n0
999 _c71126
_d71126